<?xml version="1.0" encoding="UTF-8"?>
<record
    xmlns:xsi="http://www.w3.org/2001/XMLSchema-instance"
    xsi:schemaLocation="http://www.loc.gov/MARC21/slim http://www.loc.gov/standards/marcxml/schema/MARC21slim.xsd"
    xmlns="http://www.loc.gov/MARC21/slim">

  <leader>04455nam a2200445Ia 4500</leader>
  <controlfield tag="001">DIGANR0093</controlfield>
  <controlfield tag="006">m        d        </controlfield>
  <controlfield tag="007">cr |||||||||||</controlfield>
  <controlfield tag="008">980331s1997    sp  a    b    000 0 spa d</controlfield>
  <datafield tag="035" ind1=" " ind2=" ">
    <subfield code="a">(OCoLC)651748631</subfield>
  </datafield>
  <datafield tag="040" ind1=" " ind2=" ">
    <subfield code="a">DGITA</subfield>
    <subfield code="b">eng</subfield>
    <subfield code="e">pn</subfield>
    <subfield code="c">DGITA</subfield>
  </datafield>
  <datafield tag="043" ind1=" " ind2=" ">
    <subfield code="a">e-sp--- </subfield>
  </datafield>
  <datafield tag="050" ind1=" " ind2="4">
    <subfield code="a">PQ6312</subfield>
  </datafield>
  <datafield tag="245" ind1="0" ind2="0">
    <subfield code="a">Pedro Calder&#xF3;n  de la Barca :</subfield>
    <subfield code="b">el teatro como representaci&#xF3;n y fusi&#xF3;n  de las artes. /</subfield>
    <subfield code="c">[coordinadores: Ignacio Arellano y Angeles Cardona ; editado en colaboraci&#xF3;n con GRISO] </subfield>
  </datafield>
  <datafield tag="246" ind1="3" ind2="0">
    <subfield code="a">Teatro como representaci&#xF3;n y fusi&#xF3;n de las artes.</subfield>
  </datafield>
  <datafield tag="264" ind1=" " ind2="1">
    <subfield code="a">Barcelona :</subfield>
    <subfield code="b">Proyecto A Ediciones,</subfield>
    <subfield code="c">1997.</subfield>
  </datafield>
  <datafield tag="300" ind1=" " ind2=" ">
    <subfield code="a">1 online resource (191 p.) :</subfield>
    <subfield code="b">illustrations.</subfield>
  </datafield>
  <datafield tag="336" ind1=" " ind2=" ">
    <subfield code="a">text</subfield>
    <subfield code="b">txt</subfield>
    <subfield code="2">rdacontent</subfield>
  </datafield>
  <datafield tag="337" ind1=" " ind2=" ">
    <subfield code="a">computer</subfield>
    <subfield code="b">c</subfield>
    <subfield code="2">rdamedia</subfield>
  </datafield>
  <datafield tag="338" ind1=" " ind2=" ">
    <subfield code="a">online resource</subfield>
    <subfield code="b">cr</subfield>
    <subfield code="2">rdacarrier</subfield>
  </datafield>
  <datafield tag="490" ind1="1" ind2=" ">
    <subfield code="a">Revista Anthropos: huellas del conocimiento,</subfield>
    <subfield code="x">1138-0357 </subfield>
    <subfield code="a">Extra</subfield>
    <subfield code="v">1</subfield>
  </datafield>
  <datafield tag="500" ind1=" " ind2=" ">
    <subfield code="a">Cover title. </subfield>
  </datafield>
  <datafield tag="504" ind1=" " ind2=" ">
    <subfield code="a">Includes bibliographical references </subfield>
  </datafield>
  <datafield tag="505" ind1="0" ind2=" ">
    <subfield code="a">Editorial: Calder&#xF3;n de la Barca, Una teor&#xED;a del teatro como representaci&#xF3;n y espect&#xE1;culo ideol&#xF3;gico y est&#xE9;tico. Una relectura actual de la obra desde su contexto sociocultural -- Presentaci&#xF3;n / I. Arellano y A. Cardona  -- La biograf&#xED;a de Pedro Calder&#xF3;n de la Barca: una vocaci&#xF3;n para el teatro / Valbuena-Briones -- Calder&#xF3;n, &#xBF;persona non grata? / K. Reichenberger - Calder&#xF3;n entre la civilizaci&#xF3;n y la barbarie / A.K.G. Palerson -- Las respuestas de la estatua / J. Alcal&#xE1;-Zamora y Queipo de Llano -- Cronolog&#xED;a de Pedro Calder&#xF3;n de la Barca / GRISO  -- Bibliograf&#xED;a calderoniana. Fortuna editorial de Calder&#xF3;n / M.C. Pinillos -- Lenguaje y estilo de Calder&#xF3;n / R. Lapesa -- Notas sobre la ideolog&#xED;a de Calder&#xF3;n / J. Amezcua -- Calder&#xF3;n tr&#xE1;gico / M. Vitse - Calder&#xF3;n y su honor calidosc&#xF3;pico / J.M. Losada Goya -- &#xAB;Este paso est&#xE1; ya hecho&#xBB;. Calder&#xF3;n contra los mosqueteros / A. de la Granja -- La comedia de santos calderoniana: evangelizaci&#xF3;n y especulaci&#xF3;n teol&#xF3;gica / por J. Aparicio Maydeu -- El mayor monstruo del mundo / C. Bandera -- Moros y cristianos en dos dramas de Calder&#xF3;n / C.C. Garc&#xED;a Vald&#xE9;s -- Contaminaci&#xF3;n y purificaci&#xF3;n en El alcalde de Zalamea / AR. Lauer -- Los animales en La vida es sue&#xF1;o / S. Maspoch Bueno -- El significado del auto de Calder&#xF3;n / A. Cilveti Lecumberri -- La recuperaci&#xF3;n de los autos sacramentales calderonianos. Algunas reflexiones sobre un proyecto en marcha en la Universidad de Navarra / I. Arellano - Teolog&#xED;a y mitolog&#xED;a: Psiquis y Cupido en Calder&#xF3;n / E. Rull -- El arte calderoniano del entrem&#xE9;s / E. Rodr&#xED;guez Cuadros -- Mojigangas dram&#xE1;ticas calderonianas: s&#xED;ntesis y parodia de un g&#xE9;nero / C. Buezo -- Mecanismos c&#xF3;micos en los entremeses de Calder&#xF3;n / M.L. Lobato - Calder&#xF3;n y Sol&#xE9;: l&#xED;mites de una influencia / F. Serralta -- La concepci&#xF3;n de Calder&#xF3;n en la Francia de los siglos XVII y XVIII / Ch. Strosetzki - El Barroco y el Romanticismo unidos en la escena. Quinta esencia de La devoci&#xF3;n de la Cruz, exigencias de los manifiestos rom&#xE1;nticos / A. Cardona y R. Corcoll -- Calder&#xF3;n y la literatura alemana / S. Neumeister -- Nueva lectura del calderonismo italiano / G. Grilli -- Calder&#xF3;n a partir de 1981 / L Garc&#xED;a Lorenzo -- La colecci&#xF3;n calderoniana en la Universidad de Illinois / J.L. Laurenti -- Edition Reichenberger y Calder&#xF3;n: desde lejos, pero muy cerca / E Rodr&#xED;guez U&#xF1;ona - Los estudios sobre Calder&#xF3;n en los &#xFA;ltimos catorce a&#xF1;os (1981-1994), o historia de una explosi&#xF3;n cr&#xED;tica / LEMSO - La obra de arte m&#xE1;s all&#xE1; de las ideolog&#xED;as y de su tiempo hist&#xF3;rico.</subfield>
  </datafield>
  <datafield tag="600" ind1="1" ind2="0">
    <subfield code="a">Calder&#xF3;n de la Barca, Pedro,</subfield>
    <subfield code="d">1600-1681</subfield>
    <subfield code="x">Criticism and interpretation.</subfield>
  </datafield>
  <datafield tag="600" ind1="1" ind2="0">
    <subfield code="a">Calder&#xF3;n de la Barca, Pedro,</subfield>
    <subfield code="d">1600-1681</subfield>
    <subfield code="x">Knowledge</subfield>
    <subfield code="x">Theater </subfield>
  </datafield>
  <datafield tag="600" ind1="1" ind2="0">
    <subfield code="a">Calder&#xF3;n de la Barca, Pedro,</subfield>
    <subfield code="d">1600-1681</subfield>
    <subfield code="x">Dramatic production </subfield>
  </datafield>
  <datafield tag="650" ind1=" " ind2="0">
    <subfield code="a">Spanish literature</subfield>
    <subfield code="y">Classical period, 1500-1700</subfield>
    <subfield code="x">History and criticism.</subfield>
  </datafield>
  <datafield tag="650" ind1=" " ind2="0">
    <subfield code="a">Arts</subfield>
    <subfield code="z">Spain</subfield>
    <subfield code="x">History.</subfield>
  </datafield>
  <datafield tag="655" ind1=" " ind2="7">
    <subfield code="a">Periodicals.</subfield>
    <subfield code="2">lcgft</subfield>
  </datafield>
  <datafield tag="700" ind1="1" ind2=" ">
    <subfield code="a">Calder&#xF3;n de la Barca, Pedro,</subfield>
    <subfield code="d">1600-1681.</subfield>
  </datafield>
  <datafield tag="700" ind1="1" ind2=" ">
    <subfield code="a">Arellano, Ignacio.</subfield>
  </datafield>
  <datafield tag="700" ind1="1" ind2=" ">
    <subfield code="a">Cardona de Gibert, Angeles.</subfield>
  </datafield>
  <datafield tag="710" ind1="2" ind2=" ">
    <subfield code="a">GRISO (Research group) </subfield>
  </datafield>
  <datafield tag="791" ind1="2" ind2=" ">
    <subfield code="a">Digitalia (Firm),</subfield>
    <subfield code="e">distributor.</subfield>
  </datafield>
  <datafield tag="793" ind1="0" ind2=" ">
    <subfield code="g">Digitalia e-journal Collection:</subfield>
    <subfield code="a">Anthropos</subfield>
  </datafield>
  <datafield tag="830" ind1=" " ind2="0">
    <subfield code="a">Anthropos (Barcelona, Spain), </subfield>
    <subfield code="p">Extra ;</subfield>
    <subfield code="v">1.</subfield>
  </datafield>
  <datafield tag="856" ind1="4" ind2="0">
    <subfield code="3">Digitalia Hisp&#xE1;nica</subfield>
    <subfield code="u">https://www.digitaliapublishing.com/a/3724/</subfield>
  </datafield>
  <datafield tag="942" ind1=" " ind2=" ">
    <subfield code="c">RAA</subfield>
  </datafield>
  <datafield tag="952" ind1=" " ind2=" ">
    <subfield code="0">0</subfield>
    <subfield code="1">0</subfield>
    <subfield code="4">0</subfield>
    <subfield code="7">0</subfield>
    <subfield code="8">DEH</subfield>
    <subfield code="a">BD-UIN</subfield>
    <subfield code="b">BD-UIN</subfield>
    <subfield code="d">2025-04-25</subfield>
    <subfield code="l">0</subfield>
    <subfield code="r">2025-04-25</subfield>
    <subfield code="w">2025-04-25</subfield>
    <subfield code="y">RAA</subfield>
  </datafield>
  <datafield tag="999" ind1=" " ind2=" ">
    <subfield code="c">230673</subfield>
    <subfield code="d">230673</subfield>
  </datafield>
</record>
